De la Terre aux Hommes : La géographie comme vision du monde (notice n° 1566642)

détails MARC
000 -LEADER
fixed length control field 01703cam a2200133 4500500
005 - DATE AND TIME OF LATEST TRANSACTION
control field 20251214002000.0
041 ## - LANGUAGE CODE
Language code of text/sound track or separate title fre
042 ## - AUTHENTICATION CODE
Authentication code dc
100 10 - MAIN ENTRY--PERSONAL NAME
Personal name Claval, Paul
Relator term author
245 00 - TITLE STATEMENT
Title De la Terre aux Hommes : La géographie comme vision du monde
260 ## - PUBLICATION, DISTRIBUTION, ETC.
Name of publisher, distributor, etc. Armand Colin,<br/>
Date of publication, distribution, etc. 2012.<br/>
520 ## - SUMMARY, ETC.
Summary, etc. La géographie est née de la volonté de donner une base scientifique aux savoir-faire, pratiques et savoirs empiriques qui ont transformé notre planète en une « Terre des Hommes ». Cette construction, commencée il y a vingt-cinq siècles, a été progressive. Les connaissances géométriques relatives à la forme de la terre et à l’orientation sont acquises dès l’Antiquité grecque. À partir de la fin du XVIIIe siècle, les sciences de la nature et les sciences de l’homme viennent formuler de manière rationnelle la perception des milieux et de l’organisation spatiale des groupes. Au début du XXe siècle, la géographie devient une science du paysage, appuyée sur un regard contrôlé qui permet d’offrir une image objective du monde, d’en analyser les composantes, d’y discerner des structures et des processus. Mais ce n’est que récemment que le regard de l’autre, son expérience des milieux et de l’espace sont pris en compte dans la pensée géographique. De la Terre aux Hommes offre une réflexion sur ce « tournant culturel » de la discipline. Devenu critique, rompant avec les conventions qui limitaient ses investigations, le géographe vient éclairer d’un jour nouveau un monde où la culture joue un rôle fondamental.
856 41 - ELECTRONIC LOCATION AND ACCESS
Uniform Resource Identifier <a href="https://shs.cairn.info/de-la-terre-aux-hommes--9782200274580?lang=fr&redirect-ssocas=7080">https://shs.cairn.info/de-la-terre-aux-hommes--9782200274580?lang=fr&redirect-ssocas=7080</a>

Pas d'exemplaire disponible.

PLUDOC

PLUDOC est la plateforme unique et centralisée de gestion des bibliothèques physiques et numériques de Guinée administré par le CEDUST. Elle est la plus grande base de données de ressources documentaires pour les Étudiants, Enseignants chercheurs et Chercheurs de Guinée.

Adresse

627 919 101/664 919 101

25 boulevard du commerce
Kaloum, Conakry, Guinée

Réseaux sociaux

Powered by Netsen Group @ 2025